Connecting Practices / (Record no. 566136)

MARC details
000 -LEADER
fixed length control field 00472nam a2200169Ia 4500
008 - FIXED-LENGTH DATA ELEMENTS--GENERAL INFORMATION
fixed length control field 241212s9999 xx 000 0 und d
020 ## - INTERNATIONAL STANDARD BOOK NUMBER
ISBN 9781032229966
Paper back/Hardbound pbk
082 ## - DEWEY DECIMAL CLASSIFICATION NUMBER
Classification number 301.01
Item number SHO
100 ## - MAIN ENTRY--AUTHOR NAME
Personal name Shove, Elizabeth
245 #0 - TITLE STATEMENT
Title Connecting Practices /
Statement of responsibility, etc Elizabeth Shove
250 ## - EDITION STATEMENT
Edition statement First edition
260 ## - PUBLICATION, DISTRIBUTION, ETC. (IMPRINT)
Name of publisher Routledge,
Year of publication 2023
300 ## - PHYSICAL DESCRIPTION
Number of Pages 139p;
650 ## - SUBJECT ADDED ENTRY--TOPICAL TERM
Topical Term Problèmes sociaux ; Social problems ; Sociologie ;
942 ## - ADDED ENTRY ELEMENTS (KOHA)
Koha item type English Books
Holdings
Withdrawn status Lost status Damaged status Not for loan Home library Current library Shelving location Date acquired Cost, normal purchase price Full call number Accession Number Price effective from Koha item type
        Anna Centenary Library Anna Centenary Library 3RD FLOOR, B WING 10.10.2024 3327.00 301.01 SHO 698516 10.10.2024 Reference

Find us on the map